00722nam a2200205 a 450000100100000000500170001000800410002704000250006810000250009324500770011825000120019526000410020730000210024849000210026950000320029070000380032283000280036095201110038899900170049900004019420201002033956.0130814s1959 ag 000 0 spa d aDO-SdBNPbspacBNPHU1 aZwelg, Stefan96646210aBrasil :bpaís del futuro /cStefan Zwelg ; prólogo Afranio Peixoto. a17a ed. aBuenos Aires :bEspasa-Calpe,c1959. a241 p. ;c19 cm.1 aAustralvno. 273 aIncluye índice de autores1 aPeixoto, Afranio,epról.966463 0aAustralnno. 273966464 001054708MOaGRbGRcCTd2013-08-14iLF1l0o p40194-10r2020-06-25w2020-06-25y4ZPréstamo en sala c39684d39684